| 000 | 00789nam a22001817a 4500 | ||
|---|---|---|---|
| 999 |
_c5735 _d5735 |
||
| 003 | OSt | ||
| 005 | 20251027145911.0 | ||
| 008 | 251027b ||||| |||| 00| 0 eng d | ||
| 020 | _a9781407186108 | ||
| 040 | _cKH8 | ||
| 082 | _aFIC PUL | ||
| 100 |
_aPullman, Philip, _eauthor. |
||
| 245 |
_aHis Dark Materials : _bNorthern Lights / _cPhilip Pullman. |
||
| 260 |
_aIreland ; _bScholastic , _c2017. |
||
| 300 |
_a397 pages : _c20 cm. |
||
| 520 | _aLyra Belacqua and her animal daemon live half-wild and carefree amog the scholars of Jordan College, Oxford. Her destiny will take her to the frozen lands of the Artic, where witch-clans reign and ice-bears fights. And the extraordinary journey that awaits her will have immeasurable consequences far beyond her own world... | ||
| 942 |
_2ddc _cFIC |
||